|
|
|
|
| LEADER |
00000naa0a2200000 4500 |
| 001 |
596880 |
| 005 |
20250124160737.0 |
| 035 |
|
|
|a (RuTPU)RU\TPU\tpu\19932
|
| 090 |
|
|
|a 596880
|
| 100 |
|
|
|a 20110905d2009 k||y0rusy50 ba
|
| 101 |
0 |
|
|a eng
|
| 102 |
|
|
|a US
|
| 200 |
1 |
|
|a Registration of initial stage of air breakdown in the fields of subgigawatt Ka-band microwave pulses
|f M. I. Yalandin [et al.]
|
| 333 |
|
|
|a В фонде НТБ ТПУ отсутствует
|
| 463 |
|
|
|t The 17th IEEE International Pulsed Power Conference (PPC 2009), Washington, june 28 - july 2, 2009
|v P. 476-479
|d 2009
|
| 610 |
1 |
|
|a труды учёных ТПУ
|
| 701 |
|
1 |
|a Yalandin
|b M. I.
|
| 701 |
|
1 |
|a Reutova
|b A. G.
|
| 701 |
|
1 |
|a Sharypov
|b K. A.
|
| 701 |
|
1 |
|a Shpak
|b V. G.
|
| 701 |
|
1 |
|a Shunailov
|b S. A.
|
| 701 |
|
1 |
|a Ul'masculov
|b M. R.
|
| 701 |
|
1 |
|a Mesyats
|b G. A.
|c russian physicist
|c academican, vice-president of RAS
|c graduate of Tomsk Polytechnic Institute
|f 1936-
|g Gennady Andreyevich
|3 (RuTPU)RU\TPU\pers\28088
|4 070
|
| 801 |
|
1 |
|a RU
|b 63413507
|c 20110905
|
| 942 |
|
|
|c BK
|